000
00189 a2200097 4500
020
_a
7806611000483
041
_a
spa
100
_a
London Jack
245
_a
la llamada de la selva
942
_c
BK
999
_c
8270
_d
8270